|
|
|
|
| LEADER |
00000ny a22000003n 4500 |
| 005 |
20110525120853.0 |
| 008 |
040416s2003 sp 000 0 spa c |
| 035 |
|
|
|a 705
|
| 040 |
|
|
|a UMA.RE
|d vLex
|
| 040 |
|
|
|a uned
|d vLex
|
| 080 |
|
|
|a 347.6(460)(0.034)
|
| 090 |
|
|
|c 269
|d 269
|
| 100 |
1 |
|
|a Villagrasa Alcaide, Carlos
|
| 245 |
1 |
0 |
|a Criterios de la Audiencia Provincial de Barcelona sobre proteccin̤ de menores
|h [Recurso electrn̤ico]
|c Carlos Villagrasa Alcaide, Yvonne Collado Figueras
|
| 256 |
|
|
|a Servicio en ln̕ea
|
| 260 |
|
|
|a Barcelona :
|b Cedecs,
|c 2003
|
| 300 |
|
|
|a 244 p. ;
|c 24
|
| 490 |
1 |
|
|a Derecho Civil
|
| 500 |
|
|
|a La presente obra recoge el comentario de las resoluciones dictadas por la Audiencia Provincial de Barcelona durante el pero̕do 2000-2003 en materia de proteccin̤ de menores
|
| 700 |
1 |
|
|a Collado Figueras, Yvonne,
|e coaut
|
| 710 |
1 |
|
|a Barcelona (Provincia)
|b Audiencia Provincial
|
| 740 |
0 |
|
|a vLex Libros (Servicios en ln̕ea)
|
| 830 |
|
0 |
|a Derecho Civil (Cedecs)
|
| 856 |
4 |
0 |
|z Acceso restringido
|u http://vlex.com/source/proteccion-menores-criterios-ap-barcelona-705
|
| 942 |
|
|
|c BOOK
|
| 999 |
0 |
|
|a Law
|b Barcelona
|